NRL Players By Numbers - Statistics

General Stats
  • This quiz has been taken 1,257 times
  • The average score is 9 of 15
Answer Stats
Hint Answer % Correct
Storm 1 Billy Slater
97%
Storm 9 Cameron Smith
85%
Cowboys 6 Johnathan Thurston
75%
Sharks 13 Paul Gallen
74%
Tigers 6 Benji Marshall
69%
Eels 1 Jarryd Hayne
68%
Bulldogs 1 Ben Barba
63%
Sea Eagles 6 Kieran Foran
63%
Sea Eagles 1 Brett Stewart
60%
Roosters 7 Mitchell Pearce
59%
Broncos 4 Justin Hodges
58%
Dragons 6 Jamie Soward
50%
Titans 7 Scott Prince
47%
Knights 5 Akuila Uate
45%
Warriors 1 Kevin Locke
35%
No matching quizzes found
Score Distribution
Percent of People with Each Score
Percentile by Number Answered
Your Score History
You have not taken this quiz